[Event "Titled Tue 17th Jun Early"]
[Site "chess.com INT"]
[Date "2025.06.17"]
[Round "2"]
[White "Osiecki, Stanislaw"]
[Black "Gutierrez Olivares, Daniel"]
[Result "0-1"]
[WhiteTitle "FM"]
[BlackTitle "FM"]
[WhiteElo "1944"]
[BlackElo "2354"]
[WhiteFideId "1102990"]
[BlackFideId "2264005"]
[EventDate "2025.06.17"]

1. e4 e6 2. d4 d5 3. e5 c5 4. c3 Nc6 5. Nf3 Bd7 6. Bd3 Nge7 7. dxc5 Ng6 8. b4
Ncxe5 9. Nxe5 Nxe5 10. Be2 Be7 11. Bd2 O-O 12. f4 Nc6 13. O-O b6 14. cxb6 Qxb6+
15. Kh1 a5 16. b5 Nd8 17. a4 Nb7 18. Bd3 Nd6 19. Qf3 f5 20. Be3 Qb7 21. Bd4 Ne4
22. Bxe4 dxe4 23. Qg3 Bf6 24. Bxf6 Rxf6 25. Nd2 Rg6 26. Qe3 Rc8 27. Nb3 Qc7 28.
b6 Qd8 29. Nxa5 Rb8 30. Nc4 Rh6 31. Rfb1 Qh4 32. g3 Qxh2# 0-1

[Event "Titled Tue 17th Jun Early"]
[Site "chess.com INT"]
[Date "2025.06.17"]
[Round "2"]
[White "Yonal, Timur"]
[Black "Grover, Sahaj"]
[Result "0-1"]
[WhiteTitle "FM"]
[BlackTitle "GM"]
[WhiteElo "2170"]
[BlackElo "2465"]
[WhiteFideId "44115725"]
[BlackFideId "5021103"]
[EventDate "2025.06.17"]

1. e4 c5 2. Nf3 d6 3. d4 cxd4 4. Nxd4 Nf6 5. Nc3 Nc6 6. Bg5 g6 7. Bxf6 exf6 8.
Bb5 Bd7 9. O-O Bg7 10. Qd2 O-O 11. Nxc6 bxc6 12. Bc4 Qb8 13. Bb3 f5 14. Rad1
fxe4 15. Qxd6 Bg4 16. Qxb8 Raxb8 17. Rd6 Rfe8 18. Rxc6 Rb7 19. h3 Bf5 20. Rd1 h5
21. a4 e3 22. fxe3 Rxe3 23. Nb5 Rbe7 24. Nd6 Bd7 25. Rc7 Be5 26. Rxa7 Bg3 27.
Rf1 Re1 28. Bxf7+ Kg7 29. Ne4 Rxf1+ 30. Kxf1 Rxe4 0-1

[Event "Titled Tue 17th Jun Early"]
[Site "chess.com INT"]
[Date "2025.06.17"]
[Round "2"]
[White "Herrera Ortiz, Miguel"]
[Black "Perea Fruet, Lorenzo"]
[Result "0-1"]
[WhiteTitle "IM"]
[BlackTitle "FM"]
[WhiteElo "2174"]
[BlackElo "2393"]
[WhiteFideId "5100550"]
[BlackFideId "24595870"]
[EventDate "2025.06.17"]

1. e4 b6 2. d4 Bb7 3. Bd3 e6 4. Nd2 Nf6 5. Ne2 d5 6. e5 Ne4 7. Nf3 c5 8. c3 Nc6
9. a3 Be7 10. O-O O-O 11. Nf4 Rc8 12. Re1 cxd4 13. cxd4 Na5 14. g3 Nc4 15. h4
Qd7 16. Nh2 f5 17. exf6 Bxf6 18. Nf3 Rf7 19. b3 Ncd6 20. Ne5 Bxe5 21. dxe5 Nf5
22. Bb2 Qe7 23. Rc1 Rcf8 24. Qg4 Nxh4 25. Qxe6 Nf3+ 26. Kg2 Nxe1+ 27. Rxe1 Qxe6 0-1

[Event "Titled Tue 17th Jun Early"]
[Site "chess.com INT"]
[Date "2025.06.17"]
[Round "2"]
[White "Gibala, Adam"]
[Black "Manvelyan, Mikayel"]
[Result "1-0"]
[WhiteTitle "CM"]
[BlackTitle "FM"]
[WhiteElo "2245"]
[BlackElo "2362"]
[WhiteFideId "21070288"]
[BlackFideId "13310143"]
[EventDate "2025.06.17"]

1. Nf3 d5 2. b3 Nf6 3. e3 e6 4. Bb2 Be7 5. d4 O-O 6. Bd3 b6 7. Nbd2 Bb7 8. O-O
Nbd7 9. Ne5 c5 10. f4 Ne4 11. a3 Rc8 12. Qe1 Ndf6 13. Ndf3 h6 14. h3 Nh5 15. Kh2
Nhg3 16. Rg1 Bd6 17. Ng4 c4 18. bxc4 dxc4 19. Bxe4 1-0

[Event "Titled Tue 17th Jun Early"]
[Site "chess.com INT"]
[Date "2025.06.17"]
[Round "2"]
[White "Kiseleva, Arina"]
[Black "Tsyhanchuk, Stanislav"]
[Result "0-1"]
[WhiteTitle "WCM"]
[BlackTitle "IM"]
[WhiteElo "1994"]
[BlackElo "2273"]
[WhiteFideId "4164989"]
[BlackFideId "13505130"]
[EventDate "2025.06.17"]

1. d4 Nf6 2. Nf3 e6 3. e3 b6 4. Bd3 Bb7 5. Nbd2 c5 6. O-O g6 7. b3 Bg7 8. Bb2
O-O 9. dxc5 bxc5 10. c4 Nc6 11. Rc1 Rc8 12. Bb1 Ne7 13. e4 d6 14. Qe2 e5 15.
Rfd1 Nc6 16. Nf1 Nd4 17. Nxd4 exd4 18. Bd3 Re8 19. f3 d5 20. cxd5 Nxd5 21. Bb5
Re7 22. Ba3 Qb6 23. Qc4 Nc3 24. Rxc3 dxc3 25. Ne3 Bd4 26. Kf2 a6 27. Ba4 a5 0-1

[Event "Titled Tue 17th Jun Early"]
[Site "chess.com INT"]
[Date "2025.06.17"]
[Round "2"]
[White "Hehir, Michael"]
[Black "Sabatier, Mathis"]
[Result "0-1"]
[BlackTitle "CM"]
[WhiteElo "2009"]
[BlackElo "2235"]
[WhiteFideId "2047411"]
[BlackFideId "26029685"]
[EventDate "2025.06.17"]

1. d4 d5 2. c4 dxc4 3. Nf3 Nf6 4. e3 a6 5. Bxc4 b5 6. Bb3 Bb7 7. O-O e6 8. Nbd2
Nbd7 9. Bc2 c5 10. dxc5 Nxc5 11. b3 Be7 12. Bb2 O-O 13. Re1 Qb6 14. Nf1 Rad8 15.
Qe2 Nce4 16. Bd4 Qa5 17. Ng3 Nxg3 18. hxg3 Ne4 19. Rec1 Rc8 20. Ne5 Ba3 21. Rd1
Nc3 22. Qe1 Bb4 23. a3 Nxd1 24. axb4 Qd8 25. Qxd1 f6 26. Qd3 Rxc2 27. Qxc2 fxe5
28. Bxe5 Qd5 29. f4 Rc8 30. Qb2 Qe4 31. Re1 Rc2 0-1

[Event "Titled Tue 17th Jun Early"]
[Site "chess.com INT"]
[Date "2025.06.17"]
[Round "2"]
[White "Melamed, Daniel"]
[Black "Krylov, Ivan"]
[Result "1/2-1/2"]
[WhiteTitle "CM"]
[BlackTitle "FM"]
[WhiteElo "2047"]
[BlackElo "2426"]
[WhiteFideId "3229076"]
[BlackFideId "24128066"]
[EventDate "2025.06.17"]

1. d4 d5 2. Bf4 Nf6 3. e3 c5 4. Nf3 Nc6 5. c3 Qb6 6. Qc2 Bg4 7. Nbd2 e6 8. Bd3
c4 9. Be2 Bf5 10. Qc1 Qa5 11. Nh4 b5 12. Nxf5 exf5 13. a3 Be7 14. O-O O-O 15.
Nf3 Ne4 16. Ne5 Nxe5 17. Bxe5 Qb6 18. f3 Nf6 19. Qd2 a5 20. h3 Rfe8 21. Bh2 Bd6
22. Bxd6 Qxd6 23. Bd1 g6 24. Bc2 Rab8 25. Rfe1 b4 26. axb4 axb4 27. Ra7 b3 28.
Bb1 Ra8 29. Rxa8 Rxa8 30. e4 fxe4 31. fxe4 dxe4 32. Bxe4 Nxe4 33. Rxe4 Ra1+ 34.
Re1 Rxe1+ 35. Qxe1 Kg7 36. Qe2 Qd5 37. Qe5+ Qxe5 38. dxe5 f6 39. exf6+ Kxf6 40.
Kf2 h5 41. Ke3 Ke5 42. g3 g5 43. Kf3 Kf5 44. Ke3 Ke5 45. g4 h4 46. Kf3 Kd5 47.
Ke3 Ke5 48. Kf3 Kd5 49. Ke3 Ke5 1/2-1/2

[Event "Titled Tue 17th Jun Early"]
[Site "chess.com INT"]
[Date "2025.06.17"]
[Round "2"]
[White "Mrudul, Dehankar"]
[Black "Puzyrevsky, Semyon"]
[Result "1-0"]
[WhiteTitle "WIM"]
[BlackTitle "FM"]
[WhiteElo "2078"]
[BlackElo "2292"]
[WhiteFideId "25096990"]
[BlackFideId "24240931"]
[EventDate "2025.06.17"]

1. e4 c5 2. Nf3 d6 3. d4 cxd4 4. Nxd4 Nf6 5. Nc3 Nc6 6. Bg5 e6 7. Qd2 a6 8.
O-O-O Bd7 9. f4 h6 10. Bh4 Nxe4 11. Nxe4 Qxh4 12. Nf3 Qh5 13. Nxd6+ Bxd6 14.
Qxd6 O-O-O 15. Qa3 Qg4 16. g3 g5 17. fxg5 hxg5 18. Bg2 f6 19. Rd6 Qc4 20. Rhd1
g4 21. Nd2 Qb4 22. Rxc6+ Bxc6 23. Qxb4 Bxg2 24. Nc4 Rxd1+ 25. Kxd1 Bf3+ 26. Ke1
Kb8 27. Qd6+ Ka8 28. Nb6+ Ka7 29. Qc5 Kb8 30. Kd2 Rxh2+ 31. Kc3 Bc6 32. Qd6+ Ka7
33. Qd4 e5 34. Qc5 Kb8 35. Qf8+ Ka7 36. Nc8+ Kb8 37. Ne7+ Kc7 38. Nxc6 bxc6 39.
Qxf6 Re2 40. Qg7+ Kb6 41. Qxg4 Rf2 42. Qe4 a5 43. Qe3+ 1-0

[Event "Titled Tue 17th Jun Early"]
[Site "chess.com INT"]
[Date "2025.06.17"]
[Round "2"]
[White "Zozek Salah Mohammed"]
[Black "Cuenca Jimenez, Jose Fernando"]
[Result "0-1"]
[WhiteTitle "FM"]
[BlackTitle "GM"]
[WhiteElo "2205"]
[BlackElo "2487"]
[WhiteFideId "4803361"]
[BlackFideId "2255570"]
[EventDate "2025.06.17"]

1. d4 Nf6 2. Nf3 g6 3. Bf4 Bg7 4. e3 O-O 5. Be2 d6 6. h3 Nc6 7. O-O e5 8. dxe5
Ne4 9. Nbd2 Nxd2 10. Nxd2 dxe5 11. Bh2 Qe7 12. c3 Be6 13. Qc2 a5 14. Bc4 Rfd8
15. Bxe6 Qxe6 16. Rfd1 a4 17. b3 f5 18. Nf3 h6 19. Rxd8+ Rxd8 20. Rd1 Rxd1+ 21.
Qxd1 axb3 22. axb3 Kf7 23. c4 e4 24. Nd4 Qd7 25. Kf1 Nb4 26. g4 c5 27. gxf5 cxd4
28. fxg6+ Kxg6 29. exd4 Qxh3+ 30. Kg1 Nd3 31. d5 Bd4 32. Kh1 Nxf2+ 33. Kg1 Nxd1+
34. Kh1 Qf1+ 0-1

[Event "Titled Tue 17th Jun Early"]
[Site "chess.com INT"]
[Date "2025.06.17"]
[Round "2"]
[White "Rosenbecker, Daniel"]
[Black "Chen, Yidong"]
[Result "0-1"]
[WhiteTitle "CM"]
[WhiteElo "2109"]
[BlackElo "2074"]
[WhiteFideId "1718959"]
[BlackFideId "8607028"]
[EventDate "2025.06.17"]

1. b3 d5 2. Bb2 c5 3. e3 Nc6 4. Nf3 Bg4 5. Be2 e6 6. d4 Nf6 7. O-O Be7 8. c4 O-O
9. cxd5 Nxd5 10. e4 Nf4 11. dxc5 Qxd1 12. Bxd1 Bxc5 13. Ne5 Bxd1 14. Rxd1 Rfd8
15. Nd2 Nxe5 16. Bxe5 Bxf2+ 17. Kf1 Nd3 18. Bc3 Bc5 19. Nc4 f6 20. Rd2 Nb4 21.
Rad1 Nc6 22. Rxd8+ Rxd8 23. Rxd8+ Nxd8 0-1

[Event "Titled Tue 17th Jun Early"]
[Site "chess.com INT"]
[Date "2025.06.17"]
[Round "2"]
[White "Wyss, Jonas"]
[Black "Stanojevic, Ilija"]
[Result "0-1"]
[WhiteTitle "FM"]
[BlackTitle "FM"]
[WhiteElo "2278"]
[BlackElo "2189"]
[WhiteFideId "1311387"]
[BlackFideId "959995"]
[EventDate "2025.06.17"]

1. e4 c5 2. Nf3 Nc6 3. Bb5 d6 4. O-O Bd7 5. Re1 a6 6. Bf1 e5 7. c3 Be7 8. d4
cxd4 9. cxd4 Bg4 10. dxe5 dxe5 11. Nbd2 Nf6 12. h3 Bh5 13. g4 Bg6 14. Nh4 Bxe4
15. Nxe4 Nxe4 16. Qxd8+ Rxd8 17. Nf5 Nd6 18. Nxg7+ Kf8 19. Bh6 Kg8 20. Rad1 Nd4
21. Bg2 Nc4 22. b3 Rd6 23. bxc4 Rxh6 24. Nf5 Nxf5 25. gxf5 b5 26. cxb5 axb5 27.
Rd4 exd4 28. Rxe7 Rd6 29. Bf3 Kg7 30. Bh5 Rf8 31. Kg2 Kf6 32. Re1 Kxf5 33. Rd1
d3 34. Kf3 d2 35. Ke2 Re8+ 36. Kf3 Re1 37. Kg2 Rxd1 38. Bxd1 Re6 39. Kf3 Re1 0-1

[Event "Titled Tue 17th Jun Early"]
[Site "chess.com INT"]
[Date "2025.06.17"]
[Round "2"]
[White "Jahnz, Laurin"]
[Black "Weigand, Anton"]
[Result "1-0"]
[WhiteTitle "CM"]
[BlackTitle "CM"]
[WhiteElo "2221"]
[BlackElo "2197"]
[WhiteFideId "16261089"]
[BlackFideId "16221915"]
[EventDate "2025.06.17"]

1. e4 c5 2. Nf3 e6 3. c3 d5 4. exd5 Qxd5 5. d4 Nc6 6. Na3 Nf6 7. Nb5 Qd8 8. dxc5
Bxc5 9. Qxd8+ Kxd8 10. Bf4 Nd5 11. O-O-O Ke7 12. Bg3 a6 13. Nbd4 Nxd4 14. Nxd4
Bd7 15. Bc4 Nb6 16. Bb3 Rhd8 17. Rhe1 Ba4 18. Bc7 Bxb3 19. Bxd8+ Rxd8 20. axb3
Kf6 21. f3 Nd5 22. b4 Bb6 23. Nb3 Rc8 24. Kb1 Ne3 25. Rd2 Nc4 26. Rd3 Rc7 27.
Nd2 Nxd2+ 28. Rxd2 Kf5 29. Red1 e5 30. Rd7 Rxd7 31. Rxd7 Ke6 32. Rxb7 Bg1 33. h3
f5 34. Kc2 e4 35. fxe4 Ke5 36. exf5 Kxf5 37. Rxg7 h5 38. g4+ hxg4 39. Rxg4 Kf6
40. Rxg1 a5 41. bxa5 1-0

[Event "Titled Tue 17th Jun Early"]
[Site "chess.com INT"]
[Date "2025.06.17"]
[Round "2"]
[White "Perry, Patrick"]
[Black "Golubova, Anna"]
[Result "1-0"]
[BlackTitle "WIM"]
[WhiteElo "2296"]
[BlackElo "2136"]
[WhiteFideId "30917727"]
[BlackFideId "24173606"]
[EventDate "2025.06.17"]

1. e4 g6 2. h4 h5 3. d4 Bg7 4. Bc4 d6 5. Nc3 Nf6 6. Nf3 O-O 7. Bf4 Bg4 8. e5
Nfd7 9. e6 Bxe6 10. Bxe6 fxe6 11. Ng5 Rf6 12. Qd2 Nf8 13. Nce4 Rf5 14. O-O-O Nc6
15. c3 b5 16. f3 b4 17. g4 bxc3 18. bxc3 Rb5 19. gxh5 Qb8 20. Qc2 Qb6 21. Nd2
Nxd4 22. cxd4 Qxd4 23. Nde4 Qb6 24. h6 Bxh6 25. Nc3 Rc5 26. Nxe6 Nxe6 27. Qxg6+
Ng7 28. Bxh6 Rxc3+ 29. Kd2 Qe3+ 30. Bxe3 1-0

[Event "Titled Tue 17th Jun Early"]
[Site "chess.com INT"]
[Date "2025.06.17"]
[Round "2"]
[White "Lisenkov, Svyatoslav"]
[Black "Maranhao, Jose Renato Ruiz"]
[Result "1-0"]
[WhiteTitle "CM"]
[WhiteElo "2283"]
[BlackElo "1954"]
[WhiteFideId "34264183"]
[BlackFideId "2135175"]
[EventDate "2025.06.17"]

1. e4 c6 2. d4 d5 3. e5 Bf5 4. h4 h5 5. Bd3 Bxd3 6. Qxd3 Qa5+ 7. Nd2 Qa6 8. e6
Qxd3 9. exf7+ Kxf7 10. cxd3 Na6 11. Ndf3 g6 12. Ne5+ Kg7 13. Nh3 Nf6 14. Nf4 Nb4
15. Kd1 Ng4 16. Nxg4 hxg4 17. a3 Na6 18. Ne6+ Kf6 19. Re1 Bh6 20. Bxh6 Rxh6 21.
g3 Rc8 22. Kd2 Nc7 23. Nc5 b6 24. Nd7+ Kf7 25. Ne5+ Kf8 26. Nxg4 Rh7 27. Ne5 Nb5
28. Nxg6+ Ke8 29. Ke3 c5 30. dxc5 bxc5 31. Nf4 Nd4 32. Rac1 Rc6 33. f3 1-0

[Event "Titled Tue 17th Jun Early"]
[Site "chess.com INT"]
[Date "2025.06.17"]
[Round "2"]
[White "Shapiro, Daniel"]
[Black "El Zein, Zayne-Eddine"]
[Result "1-0"]
[WhiteTitle "FM"]
[BlackTitle "CM"]
[WhiteElo "2284"]
[BlackElo "2194"]
[WhiteFideId "2001780"]
[BlackFideId "5313210"]
[EventDate "2025.06.17"]

1. d4 d6 2. e4 Nf6 3. Nc3 e5 4. Nge2 Nbd7 5. h3 c6 6. a4 Be7 7. Be3 O-O 8. g4
exd4 9. Bxd4 Nc5 10. Bg2 Ne6 11. Be3 Nd7 12. Qd2 Ne5 13. b3 c5 14. O-O a6 15.
Rad1 Rb8 16. Nd5 b5 17. axb5 axb5 18. Nxe7+ Qxe7 19. Qxd6 Qxd6 20. Rxd6 c4 21.
b4 Bb7 22. f4 Nc6 23. c3 Rfd8 24. Rfd1 Rxd6 25. Rxd6 Ra8 26. e5 Ncd8 27. Bxb7
Nxb7 28. Rb6 Nbd8 29. Rxb5 Kf8 30. f5 Nc7 31. Rc5 Ra2 32. Rxc7 Rxe2 33. Bc5+ 1-0

[Event "Titled Tue 17th Jun Early"]
[Site "chess.com INT"]
[Date "2025.06.17"]
[Round "2"]
[White "Donchenko, Alexander"]
[Black "Gajic, Mladen"]
[Result "1-0"]
[WhiteTitle "GM"]
[BlackTitle "FM"]
[WhiteElo "2613"]
[BlackElo "2246"]
[WhiteFideId "24603295"]
[BlackFideId "1709178"]
[EventDate "2025.06.17"]

1. d4 Nf6 2. c4 c5 3. d5 e6 4. Nc3 exd5 5. cxd5 d6 6. Nf3 g6 7. Bf4 Bg7 8. Qa4+
Bd7 9. Qb3 b5 10. Bxd6 c4 11. Qd1 Qb6 12. Bf4 O-O 13. e3 b4 14. Nb1 Bb5 15. a4
bxa3 16. Nxa3 Rd8 17. d6 Nh5 18. Be5 Bxe5 19. Nxe5 Rxd6 20. Qc2 Nc6 21. Nxc6
Qxc6 22. Nxb5 Qxb5 23. Bxc4 Qb4+ 24. Ke2 Re8 25. Rhd1 Rb6 26. Rxa7 Rf6 27. Qc3
Qb6 28. Rdd7 Nf4+ 29. Kf1 Ne6 30. Qxf6 1-0

[Event "Titled Tue 17th Jun Early"]
[Site "chess.com INT"]
[Date "2025.06.17"]
[Round "2"]
[White "Safin Safarullakhan"]
[Black "Postny, Evgeny"]
[Result "0-1"]
[WhiteTitle "CM"]
[BlackTitle "GM"]
[WhiteElo "2028"]
[BlackElo "2525"]
[WhiteFideId "33379475"]
[BlackFideId "2804344"]
[EventDate "2025.06.17"]

1. e4 c5 2. Nf3 d6 3. d4 cxd4 4. Nxd4 Nf6 5. Nc3 g6 6. Be3 Bg7 7. f3 Nc6 8. Qd2
Bd7 9. O-O-O h5 10. Be2 Rc8 11. Kb1 a6 12. Nd5 Nxd5 13. exd5 Ne5 14. f4 Ng4 15.
Bd3 Nxe3 16. Qxe3 Qb6 17. Rhe1 O-O 18. Be4 Rc4 19. Nb3 Qc7 20. Bd3 Rb4 21. Qxe7
Rxf4 22. Rf1 Re8 23. Qg5 Rxf1 24. Rxf1 a5 25. Nd2 Re5 26. Qf4 Bf5 27. Nc4 Rxd5 0-1

[Event "Titled Tue 17th Jun Early"]
[Site "chess.com INT"]
[Date "2025.06.17"]
[Round "2"]
[White "Sanhueza, Cristian"]
[Black "Pragnya H G"]
[Result "1-0"]
[WhiteTitle "FM"]
[BlackTitle "WFM"]
[WhiteElo "2213"]
[BlackElo "2003"]
[WhiteFideId "116815"]
[BlackFideId "25609785"]
[EventDate "2025.06.17"]

1. e4 e5 2. Nf3 Nc6 3. Bc4 Nf6 4. d4 exd4 5. Ng5 Ne5 6. Bb3 h6 7. f4 hxg5 8.
fxe5 Nxe4 9. Bd5 Nc5 10. O-O Ne6 11. Qf3 Qe7 12. Na3 c6 13. Nc4 Kd8 14. Nd6 cxd5
15. Nxf7+ Kc7 16. Nxh8 b6 17. Ng6 Qe8 18. Nxf8 Ba6 19. Nxe6+ Qxe6 20. Bxg5 Bxf1
21. Rxf1 Rc8 22. Qd3 Qg4 23. h4 Kb7 24. Rf4 Qe6 25. Rxd4 Qxe5 26. Rxd5 Qe1+ 27.
Kh2 d6 28. Rxd6 Qe5+ 29. Qg3 Qxb2 30. Rd7+ Ka6 31. Qd3+ b5 32. Qd6+ Ka5 33.
Rxa7# 1-0

[Event "Titled Tue 17th Jun Early"]
[Site "chess.com INT"]
[Date "2025.06.17"]
[Round "2"]
[White "Mamedyarov, Shakhriyar"]
[Black "Souleidis, Georgios"]
[Result "1-0"]
[WhiteTitle "GM"]
[BlackTitle "IM"]
[WhiteElo "2746"]
[BlackElo "2418"]
[WhiteFideId "13401319"]
[BlackFideId "4206827"]
[EventDate "2025.06.17"]

1. c4 g6 2. d4 Bg7 3. g3 Nf6 4. Bg2 O-O 5. Nc3 d6 6. Nf3 Nc6 7. O-O e5 8. h3
exd4 9. Nxd4 Bd7 10. Nxc6 bxc6 11. Bf4 Qc8 12. Kh2 Re8 13. Qd2 Rb8 14. Rad1 Nh5
15. Be3 c5 16. b3 Nf6 17. Bh6 Qa6 18. Bxg7 Kxg7 19. e4 Bc6 20. Rde1 Qb7 21. Qc2
Re7 22. Re3 Rbe8 23. Rfe1 Kg8 24. f4 a6 25. g4 Nd7 26. g5 Nf8 27. h4 Ne6 28. Qf2
Nd4 29. h5 a5 30. h6 Qc8 31. Bh3 Bd7 32. Bxd7 Qxd7 33. Nd5 Qe6 34. Rd3 c6 35.
Nf6+ Kh8 36. Rxd4 cxd4 37. Qxd4 1-0

[Event "Titled Tue 17th Jun Early"]
[Site "chess.com INT"]
[Date "2025.06.17"]
[Round "2"]
[White "Yevchenko, Oleksandr"]
[Black "Barseghyan, Armen Ar."]
[Result "0-1"]
[WhiteTitle "CM"]
[BlackTitle "IM"]
[WhiteElo "2276"]
[BlackElo "2348"]
[WhiteFideId "14108267"]
[BlackFideId "13306707"]
[EventDate "2025.06.17"]

1. c4 c5 2. Nf3 Nf6 3. e3 g6 4. d4 cxd4 5. exd4 d5 6. Nc3 Bg7 7. c5 O-O 8. Bd3
b6 9. cxb6 axb6 10. O-O Nc6 11. Nb5 Bg4 12. h3 Bxf3 13. Qxf3 e6 14. Bf4 Nd7 15.
Bd6 Re8 16. Nc7 Nxd4 17. Qg3 Nc5 18. Bxc5 bxc5 19. Nxa8 Qxa8 20. Kh1 c4 21. Bb1
Ne2 22. Qe3 Bxb2 23. Qxe2 Bxa1 24. Bxg6 hxg6 25. Rxa1 Qa3 26. Rd1 Rc8 27. Rd2 d4
28. Rxd4 c3 29. Rc4 Rxc4 30. Qxc4 Qb2 0-1

[Event "Titled Tue 17th Jun Early"]
[Site "chess.com INT"]
[Date "2025.06.17"]
[Round "2"]
[White "Dogan, Umut Anil"]
[Black "Indjic, Aleksandar"]
[Result "0-1"]
[WhiteTitle "CM"]
[BlackTitle "GM"]
[WhiteElo "2060"]
[BlackElo "2661"]
[WhiteFideId "51618060"]
[BlackFideId "911925"]
[EventDate "2025.06.17"]

1. Nf3 d5 2. g3 Bg4 3. Bg2 e6 4. O-O Nf6 5. c4 c6 6. h3 Bxf3 7. Bxf3 Nbd7 8.
cxd5 exd5 9. d4 Bd6 10. Nc3 O-O 11. Qd3 Re8 12. Re1 Bb4 13. Rb1 Ne4 14. Bd2 f5
15. a3 Bd6 16. e3 Ndf6 17. Ne2 g5 18. Bb4 Bxb4 19. axb4 a6 20. Nc3 Qd6 21. Na2
g4 22. hxg4 Nxg4 23. Bxg4 fxg4 24. Re2 Rf8 25. Rf1 Rf3 26. Nc3 Ng5 27. Qc2 Raf8
28. Kg2 Qf6 29. Ree1 Qh6 30. Rh1 Rxf2+ 31. Qxf2 Rxf2+ 32. Kxf2 Qf6+ 33. Ke2 Qf3+
34. Kd3 Qf5+ 35. Ke2 Qc2+ 36. Kf1 Qxb2 37. Ne2 Nf3 38. Rc1 Nd2+ 39. Ke1 Ne4 40.
Rh4 Qxb4+ 41. Kf1 h5 42. Rxh5 Qd2 43. Re1 Qxe3 44. Rf5 Nd2+ 45. Kg2 Nf3 0-1

[Event "Titled Tue 17th Jun Early"]
[Site "chess.com INT"]
[Date "2025.06.17"]
[Round "2"]
[White "Montejo Bello, Lorena Beatriz"]
[Black "Saya, Ethan"]
[Result "0-1"]
[WhiteTitle "WFM"]
[BlackTitle "FM"]
[WhiteElo "2090"]
[BlackElo "2262"]
[WhiteFideId "3529045"]
[BlackFideId "26095181"]
[EventDate "2025.06.17"]

1. e4 d5 2. exd5 Qxd5 3. Nc3 Qa5 4. d4 Nf6 5. Bd2 c6 6. Bc4 Bg4 7. Nf3 e6 8. h3
Qh5 9. Qe2 Bxf3 10. Qxf3 Qxf3 11. gxf3 Nbd7 12. O-O-O O-O-O 13. Rhg1 Nb6 14. Bd3
Rxd4 15. f4 g6 16. Ne2 Rd8 17. Bc3 Nbd5 18. Bd2 Bh6 19. c4 Ne7 20. Bc3 Bg7 21.
Ng3 Rhe8 22. f5 Nxf5 23. Nxf5 exf5 24. Bxf5+ Kc7 25. Bd3 Nh5 26. Bd2 Rxd3 27.
Ba5+ b6 28. Bxb6+ axb6 29. Rxd3 Nf4 30. Rf3 Ne2+ 31. Kc2 Nxg1 32. Rxf7+ Kd6 33.
Rxg7 Re7 34. Rg8 Nxh3 35. Rh8 Nxf2 36. a4 c5 37. b4 cxb4 38. Kb3 Nd3 39. Rd8+
Rd7 40. Rb8 Kc7 41. Ra8 h5 42. Ra7+ Kc6 43. Ra8 Rh7 44. Rg8 h4 45. Rxg6+ Kb7 46.
Rg1 h3 0-1

[Event "Titled Tue 17th Jun Early"]
[Site "chess.com INT"]
[Date "2025.06.17"]
[Round "2"]
[White "Brancaleoni, Maurizio"]
[Black "Castillo Pena, Patricia Evarista"]
[Result "1-0"]
[WhiteTitle "FM"]
[BlackTitle "WFM"]
[WhiteElo "2185"]
[BlackElo "1909"]
[WhiteFideId "803022"]
[BlackFideId "6412106"]
[EventDate "2025.06.17"]

1. Nf3 Nf6 2. c4 c6 3. d4 d5 4. cxd5 cxd5 5. Nc3 e6 6. Bf4 Bd6 7. Bxd6 Qxd6 8.
e3 O-O 9. Be2 a6 10. O-O b5 11. Ne5 Bb7 12. a4 b4 13. Nb1 Nbd7 14. f4 Ne4 15.
Nd2 f6 16. Nxd7 Qxd7 17. Nb3 Rfc8 18. Bd3 Bc6 19. Bxe4 dxe4 20. Nc5 Qe7 21. a5
Bd5 22. Qa4 Rxc5 23. dxc5 Qxc5 24. Rfe1 b3 25. Rac1 Qa7 26. Qd4 Qe7 27. Rc5 Rd8
28. Rec1 h6 29. Rc7 Qd6 30. Qa7 Qd7 31. Rxd7 1-0

[Event "Titled Tue 17th Jun Early"]
[Site "chess.com INT"]
[Date "2025.06.17"]
[Round "2"]
[White "Bodrogi, Bendeguz"]
[Black "Harsh, Suresh"]
[Result "0-1"]
[WhiteTitle "FM"]
[BlackTitle "IM"]
[WhiteElo "2481"]
[BlackElo "2392"]
[WhiteFideId "790303"]
[BlackFideId "45018464"]
[EventDate "2025.06.17"]

1. d4 b6 2. e4 Bb7 3. Bd3 g6 4. Nf3 Bg7 5. h4 h6 6. h5 g5 7. c3 d6 8. Be3 Nd7 9.
Nbd2 a6 10. a4 e6 11. b4 Ne7 12. b5 axb5 13. axb5 O-O 14. O-O Nf6 15. Rxa8 Qxa8
16. Nh2 Nxe4 17. Ndf3 Nxc3 18. Qc2 Ncd5 19. Bxg5 hxg5 20. Nxg5 Nf6 21. Qxc7 Nf5
22. Bxf5 exf5 23. Nhf3 Nxh5 24. Qxd6 Qd8 25. Qh2 Bxf3 26. Nxf3 Nf6 27. Rc1 Qd5
28. Ne5 Ng4 29. Nxg4 fxg4 30. Qc7 Bxd4 0-1

[Event "Titled Tue 17th Jun Early"]
[Site "chess.com INT"]
[Date "2025.06.17"]
[Round "2"]
[White "Peczely, Sebastian Zsombor"]
[Black "Chinchilla, Alejandro Jose"]
[Result "1-0"]
[WhiteTitle "FM"]
[BlackTitle "FM"]
[WhiteElo "2309"]
[BlackElo "2152"]
[WhiteFideId "750964"]
[BlackFideId "8401136"]
[EventDate "2025.06.17"]

1. e4 e6 2. d4 d5 3. Nd2 c5 4. exd5 Qxd5 5. Ngf3 cxd4 6. Bc4 Qd7 7. O-O Nc6 8.
Nb3 Nf6 9. Nbxd4 a6 10. Re1 Be7 11. Nxc6 Qxc6 12. Bd3 O-O 13. Ne5 Qc7 14. Qe2 b5
15. Bf4 Bd6 16. a4 b4 17. Bg5 Bb7 18. Bxf6 gxf6 19. Bxh7+ Kxh7 20. Qh5+ Kg7 21.
Qg4+ Kh8 22. Re3 Qxc2 23. Nd3 Be4 24. Rh3+ Bh7 25. Qh4 Qxd3 26. Rxd3 1-0